Global perspectives on critical architecture : praxis reloaded (Record no. 86161)

MARC details
000 -LEADER
fixed length control field 00747 a2200241 4500
003 - CONTROL NUMBER IDENTIFIER
control field CBULib
005 - DATE AND TIME OF LATEST TRANSACTION
control field 20250916122005.0
008 - FIXED-LENGTH DATA ELEMENTS--GENERAL INFORMATION
fixed length control field 250716b |||||||| |||| 00| 0 eng d
020 ## - INTERNATIONAL STANDARD BOOK NUMBER
International Standard Book Number 9781472438133
040 ## - CATALOGING SOURCE
Language of cataloging English
Transcribing agency CBULib
Description conventions rda
041 ## - LANGUAGE CODE
Language code of text/sound track or separate title eng
050 ## - LIBRARY OF CONGRESS CALL NUMBER
Classification number NA 687 Glo
100 ## - MAIN ENTRY--PERSONAL NAME
Personal name Hartoonian, Gevork
9 (RLIN) 4683
245 ## - TITLE STATEMENT
Title Global perspectives on critical architecture : praxis reloaded
Statement of responsibility, etc / edited by Gevork Hartoonian
260 ## - PUBLICATION, DISTRIBUTION, ETC. (IMPRINT)
Name of publisher, distributor, etc Ashgate Publishing limited,
Date of publication, distribution, etc 2015
Place of publication, distribution, etc Surrey :
300 ## - PHYSICAL DESCRIPTION
Extent xiii, 229 pages : illustrations
336 ## - CONTENT TYPE
Source rdacontent
Content type term Text |
Content type code txt
337 ## - MEDIA TYPE
Source rdamedia
Media type term Unmediated |
Media type code n
338 ## - CARRIER TYPE
Source rdacarrier
Carrier type term Volume
Carrier type code nc
650 #0 - SUBJECT ADDED ENTRY--TOPICAL TERM
9 (RLIN) 3646
Topical term or geographic name as entry element ARCHITECTURE
650 #0 - SUBJECT ADDED ENTRY--TOPICAL TERM
9 (RLIN) 884
Topical term or geographic name as entry element GLOBALIZATION
942 ## - ADDED ENTRY ELEMENTS (KOHA)
Source of classification or shelving scheme
Koha item type MONOGRAPH
Holdings
Withdrawn status Lost status Source of classification or shelving scheme Damaged status Not for loan Collection code Permanent Location Current Location Shelving location Date acquired Source of acquisition Cost, normal purchase price Total Checkouts Full call number Barcode Date last seen Copy number Price effective from Koha item type
          Main Library Open Access Collection CBU-MAIN LIBRARY, KITWE. CBU-MAIN LIBRARY, KITWE. General Stacks 07/16/2025 DON-BOOKAID 68.00   NA 687 Glo 753532 07/16/2025 1 07/16/2025 MONOGRAPH
          Main Library Open Access Collection CBU-MAIN LIBRARY, KITWE. CBU-MAIN LIBRARY, KITWE. General Stacks 07/16/2025 DON-BOOKAID 68.00   NA 687 Glo 753531 07/16/2025 2 07/16/2025 MONOGRAPH